| 000 | 00721nam a2200241 a 4500 | ||
|---|---|---|---|
| 001 | 000031033 | ||
| 003 | DO-SdBNP | ||
| 005 | 20230216080110.0 | ||
| 007 | ta | ||
| 008 | 110610s1982 dr a 000 p spa d | ||
| 040 |
_aDO-SdBNP _bspa _cBNPHU |
||
| 082 |
_222 _aRD863.44 _bQ64p |
||
| 100 | 1 |
_aQuidiello de Bosch, Carmen, _d1915- _98255 |
|
| 245 | 1 | 0 |
_aPajaritas de papel / _cCarmen Quidiello de Bosch. |
| 260 |
_aSanto Domingo : _bCorripio, _c1982. |
||
| 300 |
_a111 p. : _bil. ; _c16 cm. |
||
| 500 | _aIncluye datos biográficos de la autora en la contracubierta. | ||
| 590 | _aInventariado, 2023 / DG | ||
| 650 | 4 |
_aCuento dominicano _926903 |
|
| 650 | 4 | _aLiteratura dominicana | |
| 910 | _aDG | ||
| 942 |
_2ddc _cLBS1 |
||
| 999 |
_c30525 _d30525 |
||